[Event "Perm op"]
[Site "Perm"]
[Date "2006.12.22"]
[Round "8"]
[White "Drozdov, Alexander S"]
[Black "Glazunov, Vladimir"]
[Result "0-1"]
[WhiteElo "2064"]
[BlackElo "2269"]
[PlyCount "28"]
[EventDate "2006.12.13"]
[EventType "swiss"]
[EventRounds "9"]
[EventCountry "RUS"]
[SourceTitle "EXT 2008"]
[Source "ChessBase"]
[SourceDate "2007.11.25"]
[SourceVersion "1"]
[SourceVersionDate "2007.11.25"]
[SourceQuality "1"]

1. d4 Nf6 2. c4 e6 3. Nf3 b6 4. g3 Bb7 5. Bg2 Be7 6. 0-0 0-0 7. Nc3 d5 8. b3 c5 9. e3 dxc4 10. bxc4 Qd7 11. Qe2 cxd4 12. exd4 Na6 13. Bf4 Qc6 14. Ne5 Qxg2# 0-1

[Event "Perm op"]
[Site "Perm"]
[Date "2006.12.20"]
[Round "6"]
[White "Samigullina, Diana"]
[Black "Drozdov, Alexander S"]
[Result "1-0"]
[WhiteElo "2050"]
[BlackElo "2064"]
[PlyCount "49"]
[EventDate "2006.12.13"]
[EventType "swiss"]
[EventRounds "9"]
[EventCountry "RUS"]
[SourceTitle "EXT 2008"]
[Source "ChessBase"]
[SourceDate "2007.11.25"]
[SourceVersion "1"]
[SourceVersionDate "2007.11.25"]
[SourceQuality "1"]

1. d4 d5 2. c4 e6 3. Nc3 Be7 4. cxd5 exd5 5. Bf4 a6 6. e3 Nf6 7. Bd3 0-0 8. Nge2 Nbd7 9. 0-0 c5 10. Bc2 Re8 11. Qd2 Nf8 12. dxc5 Bxc5 13. Rfd1 Be6 14. Bb3 Qa5 15. Bg5 Be7 16. Bxf6 Bxf6 17. Nxd5 Qxd2 18. Nxf6+ gxf6 19. Rxd2 Bxb3 20. axb3 Rad8 21. Rad1 Rxd2 22. Rxd2 Rc8 23. Kf1 Ne6 24. Ke1 Nc5 25. Nd4 1-0